Normal view
MARC view
- DYNAMICS CHARTIC BEHAVIOR IN SYSTEM FRACTALS
Entry Topical Term
001 - CONTROL NUMBER
- control field: 66550
003 - CONTROL NUMBER IDENTIFIER
- control field: NUST
005 - DATE AND TIME OF LATEST TRANSACTION
- control field: 20210628203619.0
008 - FIXED-LENGTH DATA ELEMENTS
- fixed length control field: 210628|| aca||aabn | a|a d
040 ## - CATALOGING SOURCE
- Original cataloging agency: NUST
- Transcribing agency: NUST
150 ## - HEADING--TOPICAL TERM
- Topical term or geographic name entry element: DYNAMICS CHARTIC BEHAVIOR IN SYSTEM FRACTALS
670 ## - SOURCE DATA FOUND
- Source citation: Work cat.: (NUST): Morn, F. C 66549, Cheotic vibrations , an introdyction for applied scientists and engineers, 1987
